Vzťahy medzi obcou a ňou zriadenou rozpočtovou organizáciou
Medzi obcou a ňou zriadenou rozpočtovou organizáciou sú vzťahy, ktoré sú predmetom ich účtovníctva. Tieto skutočnosti obec, rozpočtová organizácia vykazujú vo svojich zostavených účtovných závierkach účtovných jednotiek verejnej správy a tiež vykazujú svoje vzťahy vo finančných výkazoch z ich rozpoč...
Saved in:
| Main Author: | |
|---|---|
| Format: | Book Chapter |
| Language: | Slovak |
| Subjects: | |
| Tags: |
No Tags, Be the first to tag this record!
|
MARC
| LEADER | 00000naa a2200000 4500 | ||
|---|---|---|---|
| 001 | 0245630 | ||
| 005 | 20230714075402.8 | ||
| 041 | 0 | |a slo | |
| 044 | |a SK | ||
| 245 | 1 | 0 | |a Vzťahy medzi obcou a ňou zriadenou rozpočtovou organizáciou |c Hana Marcin Jakubíková |
| 520 | |a Medzi obcou a ňou zriadenou rozpočtovou organizáciou sú vzťahy, ktoré sú predmetom ich účtovníctva. Tieto skutočnosti obec, rozpočtová organizácia vykazujú vo svojich zostavených účtovných závierkach účtovných jednotiek verejnej správy a tiež vykazujú svoje vzťahy vo finančných výkazoch z ich rozpočtového hospodárenia. Činnosti rozpočtovej organizácie sú nevýrobného charakteru sústredené napríklad na predškolskú výchovu, základné školstvo, umelecké vzdelávanie, ostatné vzdelávanie, knižničnú a archivačnú činnosť, športovú a rekreačnú činnosť, muzeálnu činnosť, starostlivosť o staršie osoby, činnosti na botanické a zoologické záhrady atď. Ilustračné príklady. | ||
| 610 | 2 | 0 | |a obce |
| 610 | 2 | 0 | |a organizácie rozpočtové |
| 610 | 2 | 0 | |a prípady účtovné |
| 610 | 2 | 0 | |a majetok |
| 100 | 1 | |a Marcin Jakubíková, Hana | |